Statistics for Ohio State Football Heisman Trophy Winners

Click here to take the quiz!

General Stats

  • This quiz has been taken 367 times
  • The average score is 5 of 7

Answer Stats

HintAnswer% Correct
1974 RBArchie Griffin
93%
1975 RBArchie Griffin
93%
2006 QBTroy Smith
92%
1995 RBEddie George
88%
1955 RBHoward "Hopalong" Cassady
45%
1944 QB/RBLes Horvath
28%
1950 RBVic Janowicz
28%

Score Distribution

Percentile by Number Answered

Percent of People with Each Score

Your Score History

You have not taken this quiz